[Event "XIX Sants Open 2017"]
[Site "Cotxeres de Sants"]
[Date "2017.08.22"]
[Round "5"]
[White "Dobrov, Vladimir"]
[Black "Oparin, Grigoriy"]
[Result "1/2-1/2"]
[WhiteElo "2510"]
[BlackElo "2609"]
[Annotator "TA"]
[PlyCount "43"]
[EventDate "2017.??.??"]
[EventType "swiss"]
[EventCountry "ESP"]
[SourceTitle "playchess.com"]
[Source "ChessBase"]
[SourceQuality "1"]

{[%evp 21,43,18,28,20,17,16,26,18,21,16,35,31,31,26,30,14,18,17,13,17,23,20,32,23]} 1. d4 Nf6 2. c4 e6 3. g3 d5 4. Bg2 Bb4+ 5. Nd2 O-O 6. Ngf3 b6 7. O-O Bb7 8. Ne5 Be7 9. b3 Nbd7 10. Bb2 c5 11. cxd5 exd5 {LiveBook: 15 Games} 12. Qb1 $146 {E07: Closed Catalan: Main Line (5 Nf3 0-0 6 0-0 Nbd7)} ({Predecessor:} 12. Nxd7 Qxd7 13. dxc5 bxc5 14. e4 d4 15. Re1 a5 16. a4 Qe6 17. Rc1 Ng4 18. Ba3 Ne5 19. Bf1 Rfc8 20. f4 Nd7 21. Nc4 Rcb8 22. Bg2 {½-½ (22) Khalifman,A (2690)-Polgar,J (2685) Hoogeveen 2002}) 12... Re8 13. e3 Bd6 {[%cal Rd7e5]} 14. Ndc4 {White has an edge.} Bf8 15. Rd1 cxd4 16. exd4 Ne4 17. Ne3 Ndf6 18. Qc2 (18. f3 $5 {[%cal Rf3e4]} Ng5 19. Qd3 $14) 18... Rc8 19. Qd3 g6 20. Rac1 Qd6 21. f3 Ng5 22. Re1 1/2-1/2

[Event "XIX Sants Open 2017"]
[Site "Cotxeres de Sants"]
[Date "2017.08.22"]
[Round "5"]
[White "Munoz, Miguel"]
[Black "Souleidis, Georgios"]
[Result "0-1"]
[WhiteElo "2497"]
[BlackElo "2397"]
[Annotator "TA"]
[PlyCount "67"]
[EventDate "2017.??.??"]
[EventType "swiss"]
[EventCountry "ESP"]
[SourceTitle "playchess.com"]
[Source "ChessBase"]
[SourceQuality "1"]

{[%evp 14,67,-3,-31,-19,-27,0,0,0,0,0,-46,-48,-85,0,-24,0,0,13,0,1,4,8,-25,-14,-32,12,10,-2,-10,-10,-15,-20,-14,-2,-4,0,-3,-3,-3,0,0,0,-41,-32,-64,0,-30,-31,-45,25,0,0,-58,37,0]} 1. g3 g6 2. Bg2 d5 3. f4 Nf6 4. Nf3 Bg7 5. O-O O-O 6. d3 b6 7. c4 Bb7 {A03: Bird's Opening with 1...d5} 8. Ne5 {LiveBook: 4 Games} Qc8 (8... c5 9. Nc3 e6 10. e4 d4 11. Na4 Nfd7 12. Nf3 Nc6 13. a3 a5 14. g4 Qc7 15. b3 {0-1 (78) Mrsevic,M (2268)-Nestorovic,D (2402) Kragujevac 2015}) 9. cxd5 Bxd5 {Black has an edge.} 10. e4 Bb7 11. Nc3 $146 ({Predecessor:} 11. Na3 c5 12. Bd2 Nc6 13. Nxc6 Qxc6 14. Nc4 Rad8 15. Qe2 {0-1 (44) Licul,F-Kapic,I Yugoslavia 1980}) 11... c5 12. g4 Nc6 13. g5 {[#]} Nd7 (13... Nh5 $1 $17 14. Nxc6 Bxc6) 14. Nxc6 (14. Nc4 {is more complex.} Ba6 15. Nd5 Rd8 16. Qe2 e6 17. Nde3) 14... Bxc6 (14... Qxc6 {seems wilder.} 15. Nd5 Rae8 16. e5 Qc8 17. Be3 Nb8) 15. Be3 Qb7 16. Qe2 Rfe8 17. h4 Nf8 18. f5 Rad8 19. Rad1 Rd7 20. fxg6 hxg6 21. Qf2 e6 {[%cal Be7e6,Be6e5][%mdl 32]} 22. d4 cxd4 23. Bxd4 e5 24. Be3 Rxd1 25. Rxd1 Ne6 26. Nd5 Bxd5 (26... Nf4 $5) 27. exd5 Nd4 28. Be4 (28. h5 $5 gxh5 29. d6 $14) 28... Qd7 {Hoping for ...Qg4+.} 29. Qg2 $1 Rc8 (29... Nf5 $1 $15 30. Qg4 Qb5) 30. Rf1 (30. h5 $5) 30... Rc4 31. Bd3 Rc5 (31... Rb4 $15 32. b3 {[#]} Nxb3 $1 {[%mdl 512]}) 32. Be4 (32. h5 $11 gxh5 33. g6) 32... Rc4 $15 33. Bd3 Rc5 (33... Rb4 $1 $15 34. a3 Rb3 35. Bxd4 Rxd3) 34. Be4 {[%mdl 32768] Precision: White = 38%, Black = 54%. . Loss on Time!?} (34. h5 $5 gxh5 35. g6 $14) 0-1

[Event "XIX Sants Open 2017"]
[Site "Cotxeres de Sants"]
[Date "2017.08.22"]
[Round "5"]
[White "Sturt, Raven M"]
[Black "Agdestein, Simen"]
[Result "0-1"]
[WhiteElo "2444"]
[BlackElo "2604"]
[Annotator "TA"]
[PlyCount "116"]
[EventDate "2017.??.??"]
[EventType "swiss"]
[EventCountry "ESP"]
[SourceTitle "playchess.com"]
[Source "ChessBase"]
[SourceQuality "1"]

{[%evp 19,116,64,72,72,72,72,72,72,69,63,59,61,67,76,69,70,84,89,65,0,47,39,113,45,45,31,28,19,43,40,26,0,0,0,14,9,19,0,0,0,0,0,0,0,0,0,0,0,0,0,-7,-37,-50,-95,-117,-91,-89,-99,-101,-134,-128,-136,-143,-273,-175,-270,-281,-262,-256,-300,-289,-331,-320,-275,-228,-622,-609,-883,-850,-12841,-12841,-12842,-12842,-12843,-12843,-12848,-12843,-12843,-12843,-12844,-12844,-12845,-12845,-12845,-12846,-12846,-12847,-12847,-12847]} 1. d4 e6 2. c4 Nf6 3. Nf3 b6 4. g3 Ba6 5. Nbd2 Bb7 6. Bg2 c5 7. e4 {[%cal Be2e4,Be4e5][%mdl 32]} cxd4 8. e5 Ng4 9. O-O {E15: Queen's Indian: 4 g3 sidelines, 4 g3 Ba6 and 4 g3 Bb7 early deviations} Qc7 10. Re1 f6 {[%cal Rf6e5] LiveBook: 4 Games} 11. h3 {White is better.} Nxe5 12. Nxe5 fxe5 13. Bxb7 Qxb7 14. Qh5+ Kd8 15. Nf3 $1 {[%cal Rf3e5,Bd2f3,Bf3g5,Bg5e6][%mdl 32]} ({But not} 15. Qxe5 Nc6 $11) 15... d6 16. Ng5 $1 {[%csl LRe6,LRh7] Nf7+ is the strong threat.} g6 {[#]} 17. Nxe6+ $146 Kc8 18. Qg4 {[%mdl 1024] White has strong compensation.} Qd7 19. b4 (19. Bg5 $14) 19... Be7 20. b5 Bd8 (20... a6 $14) 21. f4 (21. Ba3 $16) 21... Re8 $14 22. Nxd4 $1 Qxg4 23. hxg4 Nd7 24. Ba3 Bc7 25. Nc6 a6 {Hoping for ...axb5.} 26. Bb4 axb5 27. cxb5 Kb7 28. Rad1 exf4 29. gxf4 Nf6 30. Rxe8 Rxe8 31. g5 Ne4 32. Rd4 Ng3 {And now ...Ne2+ would win.} 33. Kf2 Ne2 34. Rd1 {Threatens to win with Re1.} Nxf4 {next ...Nh3+ is good for Black.} 35. Bxd6 Nh3+ 36. Kf3 Nxg5+ 37. Kf4 h6 38. Bxc7 Kxc7 $17 {[%mdl 4096] Endgame KRN-KRN} 39. Rc1 Kd6 40. Rc4 Kd5 41. Rc2 (41. Rb4 $17) 41... Re4+ $19 42. Kg3 h5 {[%cal Bh6h5,Bh5h4,Bh4h3,Bh3h2][%mdl 32]} 43. Kf2 h4 44. a4 Rf4+ ({Resist} 44... Rxa4 45. Ne7+ Ke4 46. Nxg6 $17) 45. Kg2 Rg4+ ({Much less strong is} 45... Rxa4 46. Ne7+ Ke6 47. Nxg6 $19) 46. Kf1 h3 {Strongly threatening ...Rf4+.} 47. a5 $2 (47. Rd2+ Ke6 48. Re2+ Kd6 49. Rd2+ Kc7 50. Rd7+ Kxd7 51. Ne5+ Kd6 52. Nxg4) 47... bxa5 {Black is clearly winning.} 48. Ne7+ Ke6 49. Nxg6 Nf3 50. Rc6+ Kf7 51. Kf2 h2 52. Kxf3 Rxg6 {KR-KR} 53. Rc7+ {[#]} Kg8 $1 54. Rc8+ Kg7 55. Rc7+ {[#]} Kh6 $1 56. Rc1 Rg1 57. Rc6+ Kg7 58. Rc7+ Kf6 {Precision: White = 42%, Black = 79%.} 0-1

[Event "XIX Sants Open 2017"]
[Site "Cotxeres de Sants"]
[Date "2017.08.22"]
[Round "5"]
[White "Petrosyan, Tigran S"]
[Black "Vocaturo, Daniele"]
[Result "1/2-1/2"]
[WhiteElo "2430"]
[BlackElo "2596"]
[Annotator "TA"]
[PlyCount "200"]
[EventDate "2017.??.??"]
[EventType "swiss"]
[EventCountry "ESP"]
[SourceTitle "playchess.com"]
[Source "ChessBase"]
[SourceQuality "1"]

{[%evp 22,200,25,6,7,16,12,0,0,-21,-25,-21,-20,-20,-20,-20,-21,-21,-22,-18,-20,-11,-12,-63,-55,-51,-27,-29,-15,-44,-27,-40,-10,-47,-36,-33,-28,-29,-16,-14,-14,-10,-10,-10,-10,-8,-11,-14,-9,-11,-11,-121,-154,-208,-208,-215,-156,-156,-156,-156,-156,-261,-261,-261,-50,-249,0,-252,-252,-260,-261,-261,-261,-261,-268,-275,-268,-275,-275,-275,0,-275,-275,-275,-275,-275,-275,-310,-317,-334,-341,-341,0,-341,-341,-341,-275,-314,0,0,0,0,0,0,0,0,0,0,0,0,0,0,0,0,0,0,0,0,0,0,0,0,0,0,0,0,0,0,0,0,0,0,0,0,0,0,0,0,0,0,0,0,0,0,0,0,0,0,0,0,0,0,0,0,0,0,0,0,0,0,0,0,0,0,0,0,0,0,0,0,0,0,0,0,0,0,0,0,0,0,0]} 1. Nf3 Nf6 2. c4 g6 3. Nc3 Bg7 4. e4 d6 5. d4 O-O 6. Be2 e5 7. Be3 exd4 8. Nxd4 Re8 9. f3 c6 10. Bf2 d5 11. exd5 cxd5 12. c5 {LiveBook: 58 Games. E92: King's Indian: Classical: 6 Be2 e5: 7 dxe5, 7 Be3 and Petrosian System without 7...Nbd7} (12. O-O Nc6 13. c5 Bf8 14. Kh1 Bd7 15. Qd2 Rc8 16. Nb3 d4 17. Nxd4 Bxc5 18. Nxc6 Rxc6 19. Bxc5 Rxc5 20. Rad1 Qe7 21. Qd4 {½-½ (38) Inarkiev,E (2732)-Radjabov,T (2722) Monzon 2016}) 12... Nbd7 13. Nb3 Nh5 $146 ({Predecessor:} 13... Ne5 14. O-O Be6 15. Nd4 Bf8 16. b4 a6 17. Na4 Nh5 18. Nb6 Rb8 19. Qd2 Nd7 20. Nxe6 fxe6 21. Nxd7 Qxd7 {1-0 (46) Degerman,L (2460)-Markovic,M (2265) Stockholm 1992}) 14. O-O Nf4 $1 15. Bb5 a6 16. Bxd7 Bxd7 17. Nxd5 Nxd5 18. Qxd5 Bxb2 19. Rab1 Bb5 20. Rfd1 Qxd5 21. Rxd5 Bc3 22. Bd4 (22. Nd4 $11) 22... Bb4 $15 23. Bf2 Rac8 (23... Bc6 $5 {[%cal Rc6d5]} 24. Rd3 a5 $15) 24. h3 Ba4 25. Rc1 a5 26. Rb1 Rcd8 27. Rbd1 Rxd5 28. Rxd5 Bc6 29. Rd1 a4 30. Nd4 Rd8 31. Rb1 Bxc5 32. Nxc6 Bxf2+ 33. Kxf2 bxc6 $11 {[%mdl 4096] Endgame KR-KR} 34. Ke3 c5 35. Rc1 Rb8 36. Rxc5 (36. Kd3 $11 {remains equal.}) 36... Rb2 $17 37. g4 (37. Rc8+ $17 Kg7 38. a3) 37... Rxa2 38. Ra5 h6 39. h4 a3 40. Kf4 {[#]} Ra1 $1 41. Kg3 (41. Re5 $17) 41... Kg7 $19 42. Ra6 Ra2 $2 (42... a2 $19 43. Kf4 {[#]} f5 $1 {[%mdl 512]} 44. Ra7+ Kf8 45. Ra8+ Kf7 46. Ra7+ Kf8) 43. Kh3 $2 (43. Kf4 $15) 43... Ra1 44. Kg3 Kf8 45. Ra7 Ke8 46. Kg2 a2 47. Ra8+ Ke7 48. Ra7+ Kd6 49. Ra8 Ke5 50. Re8+ Kd6 $2 (50... Kf6 $19 51. Ra8 Ke5 52. Re8+ Kd5) 51. Rd8+ $2 {[%mdl 8192]} (51. Ra8 $11 Kc6 52. Ra6+ Kb5 53. Ra7) 51... Kc7 52. Ra8 Kb7 53. Ra3 Kb6 54. Ra8 Kb5 55. Rb8+ Kc6 56. Ra8 Kd6 57. Rd8+ $1 Ke7 58. Ra8 f6 59. Ra6 h5 $2 ({Better is} 59... g5 $19 60. h5 Kd7) 60. gxh5 $11 {The position is equal.} gxh5 61. Ra8 Ke6 {Strongly threatening ...Kd5.} 62. Ra7 Ke5 63. Ra4 Kd5 64. Ra8 Kd4 65. Rd8+ Kc4 66. Rc8+ $1 Kd3 67. Rd8+ Ke3 68. Re8+ $1 Kd4 69. Rd8+ $1 Kc5 70. Rc8+ Kd6 71. Rd8+ Kc7 72. Ra8 f5 {And now ...Kb6 would win.} 73. Ra7+ Kd6 74. Ra6+ Kc5 75. Ra8 Kb4 76. Rb8+ Kc3 77. Rc8+ $1 Kd3 78. Ra8 (78. Rd8+ {is interesting.} Kc4 79. Rc8+ Kd3) 78... Kc4 79. Ra7 Kc3 80. Rc7+ $1 Kd3 {( -> ...Rb1)} 81. Ra7 Kd2 82. Ra8 Rd1 83. Rxa2+ Ke3 {aiming for ...Rd2+.} 84. Ra5 Rd2+ 85. Kg3 f4+ 86. Kh3 Kxf3 87. Rxh5 Kf2 (87... Rd1 {is more complex.} 88. Kh2 Kg4 89. Rh6 Rd5 90. Kg2 Rd2+) 88. Ra5 f3 89. Ra1 Rd8 90. Ra2+ Ke3 {Hoping for ...f2.} 91. Ra3+ Ke2 (91... Kf4 {feels hotter.} 92. Ra4+ Ke3 93. Ra3+) 92. Ra2+ Rd2 93. Ra1 (93. Rxd2+ Kxd2 94. Kg4 f2 95. Kf5 f1=Q+ 96. Kg6 Qf4 97. Kg7 Qxh4 98. Kf7 Qd8 99. Ke6 Ke3 100. Kf7 Qd7+ 101. Kg6 Kf4 102. Kf6 Qe8 103. Kg7 Kf5 104. Kh7 Kf6 105. Kh6 Qh8#) 93... Rd8 94. Ra2+ Ke3 {...f2 is the strong threat.} 95. Ra3+ Rd3 96. Ra1 Rd7 (96... f2 $5 {[%cal Re3f3]} 97. Kg2 Rd4 $11) 97. Ra3+ Ke2 98. Ra2+ Ke3 {White must now prevent ...f2.} 99. Ra3+ Ke2 {Threatens to win with ...f2.} 100. Ra2+ Ke3 {Precision: White = 66%, Black = 50%.} (100... Ke1 $5 {[%cal Rf3f2]}) 1/2-1/2

[Event "XIX Sants Open 2017"]
[Site "Cotxeres de Sants"]
[Date "2017.08.22"]
[Round "5"]
[White "Cruz, Jonathan"]
[Black "Tari, Aryan"]
[Result "1/2-1/2"]
[WhiteElo "2424"]
[BlackElo "2591"]
[Annotator "TA"]
[PlyCount "53"]
[EventDate "2017.??.??"]
[EventType "swiss"]
[EventCountry "ESP"]
[SourceTitle "playchess.com"]
[Source "ChessBase"]
[SourceQuality "1"]

{[%evp 35,53,30,18,22,62,5,7,6,8,5,17,17,17,17,17,17,17,17,17,13]} 1. e4 c6 2. d4 d5 3. Nc3 dxe4 4. Nxe4 Bf5 5. Ng3 Bg6 6. h4 {[%cal Bh2h4,Bh4h5][%mdl 32]} h6 7. Nf3 e6 8. h5 Bh7 9. Bd3 Bxd3 10. Qxd3 Nf6 11. Bd2 Be7 12. O-O-O Nbd7 {[%cal Bb8d7,Bd7f6,Bf6g4][%mdl 32]} 13. Ne4 Nxe4 14. Qxe4 Nf6 {B19: Classical Caro-Kann: 4...Bf5 main line} 15. Qd3 (15. Qe2 Qd5 16. c4 Qe4 17. Qxe4 Nxe4 18. Be3 f5 19. Kc2 f4 20. Kd3 fxe3 21. Kxe4 exf2 22. Rhf1 Bf6 23. Rxf2 Ke7 24. Ne5 Bxe5 25. dxe5 {½-½ (35) Rublevsky,S (2692)-Riazantsev,A (2646) Khanty-Mansiysk 2015}) 15... O-O 16. g4 Nxg4 17. Rhg1 f5 18. Qe2 Kh7 {LiveBook: 9 Games} 19. Ne5 {[#]} Bg5 $146 ({Predecessor:} 19... Nxe5 20. dxe5 Rf7 21. Kb1 Qe8 22. Rg6 {½-½ (54) Saric,I (2567)-Ruck,R (2555) Sibenik 2010}) 20. Nxg4 (20. Ng6 $14 Rg8 21. f3 Bxd2+ 22. Rxd2) 20... fxg4 $11 {The position is equal.} 21. Qxe6 Rxf2 22. Qg6+ Kg8 23. Bxg5 Qxg5+ 24. Qxg5 hxg5 25. Rxg4 Rf5 26. Rdg1 Rd8 27. Rxg5 1/2-1/2

[Event "XIX Sants Open 2017"]
[Site "Cotxeres de Sants"]
[Date "2017.08.22"]
[Round "5"]
[White "Lorenzo De La Riva, Lazaro"]
[Black "Svetushkin, Dmitry"]
[Result "0-1"]
[WhiteElo "2415"]
[BlackElo "2558"]
[Annotator "TA"]
[PlyCount "66"]
[EventDate "2017.??.??"]
[EventType "swiss"]
[EventCountry "ESP"]
[SourceTitle "playchess.com"]
[Source "ChessBase"]
[SourceQuality "1"]

{[%evp 22,66,3,4,11,8,10,8,12,0,0,-19,-20,-45,-42,-96,-96,-111,-84,-138,-81,-85,16,0,7,18,15,-4,0,0,0,-79,-60,-167,-85,-234,-250,-250,-240,-583,-579,-586,-585,-879,-875,-1330,-1252]} 1. Nf3 Nf6 2. g3 d5 3. Bg2 c6 4. O-O Bf5 5. b3 e6 6. Bb2 h6 7. d3 Be7 8. Nbd2 O-O 9. Ne5 Bh7 {A07: Réti Opening: New York and Capablanca Systems} 10. e4 Nbd7 (10... a5 11. a3 Nbd7 12. Nxd7 Nxd7 13. Qe2 Bf6 14. d4 Qb6 15. e5 Be7 16. c4 dxc4 17. Qxc4 {½-½ (42) Vajda,L (2596)-Balogh,C (2621) Slovakia 2016}) 11. Nxd7 Qxd7 12. Qe2 {LiveBook: 6 Games} a5 13. a4 Rfd8 $146 ({Predecessor:} 13... Rad8 14. e5 Ne8 15. f4 Nc7 16. Kh1 Na6 17. Nf3 Nb4 {½-½ (30) Kovalevskaya,E (2432)-Gaponenko,I (2451) Sochi 2007}) 14. e5 Ne8 {[%cal Bf6e8,Be8c7,Bc7a6][%mdl 32]} 15. f4 Nc7 16. g4 Na6 17. Rf3 b5 $1 18. Raf1 {[#]} ({White should try} 18. Rff1 $15) 18... bxa4 $1 $17 19. bxa4 Rab8 20. Ba1 (20. Nb3 $142) 20... Rb4 (20... Nb4 $142 21. Nb1 d4) 21. f5 Rxa4 (21... Rxg4 $17 {[%cal Rh7f5]} 22. f6 gxf6 23. exf6 Bd6) 22. f6 $11 Bf8 23. fxg7 Bxg7 24. g5 Bg6 $36 {[%mdl 2048] Black is more active.} 25. gxh6 $1 Bxh6 {Hoping for ...Ra2.} 26. Nb3 (26. Rh3 $11 Bg7 27. Nf3) 26... c5 27. Kh1 (27. Bc3 $15) 27... Ra2 (27... c4 $19 28. Nd4 cxd3 29. cxd3 Bg7) 28. Rg3 (28. Rh3 $17 Bg7 29. Bc3) 28... a4 $19 29. Na5 {[#]} Nb4 $1 30. h4 $2 (30. Qh5 {was the crucial defense.} Bg7 31. Qg5) 30... Kh7 {Black is clearly winning.} 31. h5 Bf5 32. Rgf3 Rxc2 33. Qd1 Rd2 {Precision: White = 24%, Black = 68%.} 0-1

[Event "XIX Sants Open 2017"]
[Site "Cotxeres de Sants"]
[Date "2017.08.22"]
[Round "5"]
[White "Salinas Herrera, Pablo"]
[Black "Vera Siguenas, Deivy"]
[Result "1-0"]
[WhiteElo "2411"]
[BlackElo "2525"]
[Annotator "TA"]
[PlyCount "85"]
[EventDate "2017.??.??"]
[EventType "swiss"]
[EventCountry "ESP"]
[SourceTitle "playchess.com"]
[Source "ChessBase"]
[SourceQuality "1"]

{[%evp 24,85,-31,-20,18,16,25,7,6,12,24,13,85,55,60,56,68,68,82,64,116,117,120,34,22,27,29,34,47,19,29,16,25,-113,-125,-204,-99,-91,-78,-87,-91,-107,-102,-103,-77,-70,394,406,410,394,402,394,341,289,285,285,251,257,729,749,737,714,777,764]} 1. d4 Nf6 2. Nf3 e6 3. Bf4 c5 4. e3 Nc6 5. c3 d5 6. Nbd2 Bd6 7. Bg3 O-O 8. Bd3 b6 9. e4 {D02: 1 d4 d5 2 Nf3 sidelines, including 2...Nf6 3 g3 and 2...Nf6 3 Bf4} (9. Ne5 Bb7 10. O-O Qc7 11. f4 Ne7 12. Qb1 Qc8 13. Bh4 Nf5 14. Bxf5 exf5 15. Bxf6 gxf6 16. Nef3 Qe6 17. Re1 Ba6 18. Nh4 cxd4 19. exd4 {1-0 (28) Korobov,A (2692)-Dominguez Perez,L (2739) Doha 2016}) 9... Be7 10. e5 Nh5 11. Ng5 Bxg5 12. Qxh5 g6 13. Qe2 {LiveBook: 7 Games} f5 14. f4 Be7 15. Nf3 cxd4 $146 ({Predecessor:} 15... Bd7 16. Bf2 Rc8 {1-0 (38) Parligras,M (2607)-Mindlin,A (2436) Minsk 2017}) 16. Nxd4 Bd7 17. O-O Na5 (17... Nxd4 $11 18. cxd4 Rc8) 18. Kh1 Rc8 19. Bf2 Qe8 20. Rg1 Nb7 21. g4 Kh8 ({Black should try} 21... fxg4 $14 22. Rxg4 Nc5) 22. gxf5 $16 gxf5 23. Nxf5 ({Better is} 23. Ba6 $16 Rb8 24. b4) 23... exf5 $14 24. e6 {Qe5+ is the strong threat.} Bf6 25. exd7 Qxd7 26. Qh5 Nd6 27. Rg6 {aiming for Rxf6.} d4 {White must now prevent ...Qf7.} 28. Be2 (28. Rxf6 $11 {remains equal.} Qc6+ 29. Kg1 Rxf6 30. Bxd4 Rg8+ 31. Kf2 Qg2+ 32. Ke1 Re8+ 33. Kd1) 28... Ne4 $1 $17 {[%cal Re4f2]} ({Don't take} 28... dxc3 29. Rxf6 Rxf6 30. Bd4) 29. Bg1 {[#]} (29. Rg2 $17 {is a better defense.}) 29... dxc3 (29... Rg8 $1 $19 {[%cal Rg8g6]} 30. Rxf6 Nxf6) 30. bxc3 Rxc3 31. Rg2 Rg8 32. Rd1 Qc6 {( -> ...Nf2+!)} 33. Bf3 Rxg2 34. Kxg2 Ra3 $2 {[%mdl 8192] [#]} (34... Qe6 $15 {stays ahead.} 35. Kh1 Qc6) 35. Qf7 $1 $18 {[%cal Rf7f8]} Qa8 {[#] Hoping for ...Rxf3!} 36. Qxf6+ $1 {[%mdl 512]} Nxf6 {[%csl Ga3][%cal Ra8f3]} 37. Bxa8 Rxa2+ 38. Kh1 {Threatens to win with Bd4.} Kg7 39. Bd4 Kf7 40. Rc1 Ra4 $2 (40... Ke7 41. Rc6 Ng4 42. Rc7+ Ke6 43. Rxh7 Ra4) 41. Rc7+ {White is clearly winning.} Kg6 42. Be5 Ng4 43. Bc6 {Precision: White = 50%, Black = 40%.} 1-0

[Event "XIX Sants Open 2017"]
[Site "Cotxeres de Sants"]
[Date "2017.08.22"]
[Round "5"]
[White "Suarez Uriel, Adrian"]
[Black "Ferreira, Jorge Viterbo"]
[Result "1/2-1/2"]
[WhiteElo "2406"]
[BlackElo "2499"]
[Annotator "TA"]
[PlyCount "78"]
[EventDate "2017.??.??"]
[EventType "swiss"]
[EventCountry "ESP"]
[SourceTitle "playchess.com"]
[Source "ChessBase"]
[SourceQuality "1"]

{[%evp 16,78,46,41,60,20,25,22,39,-20,-8,-10,4,-48,-37,-37,-27,-29,20,-81,0,-110,26,23,18,-64,-67,-55,-12,-40,-41,-50,27,29,23,31,64,65,77,59,52,56,80,61,79,60,57,47,30,45,35,25,25,27,27,27,22,26,33,0,0,0,2,2,4]} 1. e4 c5 2. Nf3 e6 3. d4 cxd4 4. Nxd4 a6 5. Bd3 Nf6 6. Qe2 d6 7. c4 g6 8. Nc3 Bg7 9. O-O O-O {B42: Sicilian: Kan Variation: 5 Bd3} 10. Nc2 Nbd7 11. Be3 $146 ({Predecessor:} 11. Rd1 b6 12. Be3 Bb7 13. Rac1 Qc7 14. f3 Rfe8 {½-½ (54) Jonsson,H (2390)-Ornstein,A (2445) Haparanda 1994}) 11... b6 12. f4 (12. Rad1 $14) 12... Nc5 $11 13. Rad1 Qc7 14. Nd4 (14. Bd4 $11) 14... Bb7 $15 {[%cal Rf6e4]} 15. f5 Nxd3 16. Qxd3 Rfe8 17. Nf3 (17. fxe6 $11 {keeps the balance.} fxe6 18. Nf3) 17... Ng4 ({Better is} 17... exf5 $17 18. exf5 Ng4) 18. Bd4 {[#]} (18. fxe6 $11 fxe6 19. Bd4) 18... e5 (18... exf5 $1 $17 19. exf5 Bxd4+ 20. Qxd4 Ne3 21. Qxd6 Qxd6 22. Rxd6 Nxf1 23. Kxf1 Rab8 24. fxg6 hxg6) 19. Bf2 $1 $11 gxf5 20. Qxd6 (20. Nh4 $1 $11) 20... Qxd6 $15 21. Rxd6 fxe4 (21... b5 $5) 22. Rxb6 Rab8 23. Ng5 {[%cal Bf3g5,Bg5e4,Be4d6][%mdl 32]} Ba8 (23... e3 $15 24. Bg3 f6) 24. Ngxe4 $11 (24. Ncxe4 $2 h6 $19) 24... f5 25. Nd6 Rxb6 26. Bxb6 Rb8 27. c5 Ne3 28. Rf2 f4 29. b4 e4 30. Ncxe4 Nd5 $1 31. Kf1 Nxb6 32. cxb6 Rxb6 33. Rxf4 {a3 is the strong threat.} Be5 34. Rg4+ Kf8 35. Nc4 $1 {[%csl LRb6,LRe5]} Rxb4 36. Nxe5 Bxe4 37. a3 Rb1+ {The position is equal.} 38. Ke2 Rb2+ 39. Ke3 Bxg2 {Precision: White = 36%, Black = 46%.} 1/2-1/2

[Event "XIX Sants Open 2017"]
[Site "Cotxeres de Sants"]
[Date "2017.08.22"]
[Round "5"]
[White "Sukandar, Irine Kharisma"]
[Black "Sole Pijuan, Ferran"]
[Result "1-0"]
[WhiteElo "2400"]
[BlackElo "2216"]
[Annotator "NA"]
[PlyCount "53"]
[EventDate "2017.??.??"]
[EventType "swiss"]
[EventCountry "ESP"]
[SourceTitle "playchess.com"]
[Source "ChessBase"]
[SourceQuality "1"]
[TimeControl "40/5400+30:1800+30"]

1. d4 {[%emt 0:00:00]} d5 {[%emt 0:07:12]} 2. Bf4 {[%emt 0:00:00]} Nf6 {[%emt 0:01:15]} 3. e3 {[%emt 0:00:14]} Bf5 {[%emt 0:04:26]} 4. c4 {[%emt 0:01:24]} c6 {[%emt 0:17:19]} 5. Nc3 {[%emt 0:00:51]} Qb6 {[%emt 0:08:07]} 6. Qb3 {[%emt 0:02:02]} Nbd7 {[%emt 0:01:36] LiveBook: 8 Games} 7. Nf3 {[%emt 0:01:15]} e6 {[%emt 0:01:29]} 8. c5 {[%emt 0:00:53]} Qxb3 {[%emt 0:00:16]} 9. axb3 {[%emt 0:00:02]} a6 {[%emt 0:00:09] D02: 1 d4 d5 2 Nf3 sidelines, including 2...Nf6 3 g3 and 2...Nf6 3 Bf4} 10. b4 {[%emt 0:00:58]} Rc8 {[%emt 0:00:59]} 11. h3 {[%emt 0:01:21]} Be7 {[%emt 0:01:09]} 12. Nd2 $146 {[%emt 0:01:02]} Bd8 {[%emt 0:01:08]} 13. Nb3 {[%emt 0:00:52]} Bc7 {[%emt 0:02:22]} 14. Bxc7 {[%emt 0:00:34]} Rxc7 {[%emt 0:00:04]} 15. b5 {[%emt 0:00:14]} O-O $2 {[%emt 0:10:03] [#]} (15... Nb8 $16) 16. b6 $18 {[%emt 0:00:29]} ({Less strong is} 16. bxa6 Ra8 $14) 16... Rcc8 {[%emt 0:00:29]} 17. Na5 {[%emt 0:00:11]} Rb8 {[%emt 0:01:50]} 18. Bxa6 {[%emt 0:00:43]} bxa6 {[%emt 0:11:50]} 19. Nxc6 {[%emt 0:00:15]} Rb7 {[%emt 0:00:44]} 20. Rxa6 {[%emt 0:04:48]} Nb8 {[%emt 0:02:49]} 21. Nxb8 {[%emt 0:03:12]} Rfxb8 {[%emt 0:05:55]} 22. Kd2 {[%emt 0:01:51]} Ne4+ {[%emt 0:01:50]} 23. Nxe4 {[%emt 0:00:30]} dxe4 {[%emt 0:00:04]} 24. g4 {[%emt 0:00:17]} Bg6 {[%emt 0:00:13]} 25. Rc1 {[%emt 0:00:19]} Rf8 {[%emt 0:04:10]} 26. c6 {[%emt 0:00:20]} Rbb8 {[%emt 0:00:33]} 27. c7 {[%emt 0:00:28]} 1-0